Matematyka - Statystyki

Ogólne statystyki
  • Ten quiz został rozwiązany 167 razy
  • Średni wynik to 15 z 16
Statystyki odpowiedzi
Hint Odpowiedź % Poprawnych
4-2 2
100%
1+3 4
100%
2+6 8
100%
18-7 11
99%
12+6 18
99%
9-3 6
99%
33-21 12
98%
16-9 7
97%
101-10 91
96%
22+88 110
95%
72-33 39
95%
82-44 38
94%
11*11 121
93%
12*12 144
92%
220/11 20
87%
6398/2 3199
81%
Nie znaleziono quizów pasujących do podanych kryteriów
Rozkład punktacji
Procent ludzi z każdym wynikiem
Percentyl według liczby udzielonych odpowiedzi
Twoja historia wyników
Nie rozwiązałeś tego quizu